| 000 | 00668nac a22002171u 4500 | ||
|---|---|---|---|
| 010 | _a 83014112 | ||
| 020 | _a0582037271 | ||
| 082 | 0 | 0 |
_a624.17 _bGAU |
| 090 |
_c9412 _d9412 |
||
| 100 | _aGauld, Bryan J. B. | ||
| 245 | 1 | 0 |
_aStructures for architects / _cBryan J.B. Gauld. |
| 260 |
_aLondon ; _aNew York : _bGodwin,1984 _c1984. |
||
| 300 |
_aviii, 176 p. : _bill. ; _c22 cm. |
||
| 440 | 0 | _aGodwin study guides | |
| 500 | _aIncludes index. | ||
| 500 | _adistributer: Al-Ahram | ||
| 511 | _acatalogued by: wessam | ||
| 650 | 0 | _aStructural analysis (Engineering) | |
| 650 | 0 | _aStructural design. | |
| 942 |
_cBB _k624.17GAU |
||
| 999 |
_c9412 _d9412 |
||